[Event "1. Bundesliga 2019/2020"]
[Site "Blumenhalle, St. Veit/Glan"]
[Date "2020.01.11"]
[Round "7"]
[Board "4"]
[White "Walter, Stefan"]
[Black "Henrichs, Thomas"]
[Result "1/2-1/2"]
[WhiteElo "2390"]
[BlackElo "2455"]
[PlyCount "64"]
[EventDate "2019.10.10"]
[EventType "team"]
[EventRounds "11"]
[EventCountry "AUT"]
[WhiteTeam "SK Sparkasse Goetzis"]
[BlackTeam "SK Hohenems"]

1.Nf3 Nf6 2.c4 e6 3.g3 d5 4.Bg2 Be7 5.d4 O-O 6.Nc3 c6 7.O-O b6 8.Ne5 Bb7 9.e4 Na6
10.Qa4 Rc8 11.Rd1 Qe8 12.Be3 b5 13.cxb5 cxb5 14.Qxb5 Qxb5 15.Nxb5 Nxe4 16.Nxa7 Rc2
17.Rab1 Ra8 18.Nb5 Nb4 19.a3 Ba6 20.Bf1 Rb8 21.a4 f6 22.Nf3 Bxb5 23.Bxb5 Nd6 24.Ne1
Rc7 25.Be2 Ra7 26.b3 Na2 27.Bd2 Ne4 28.Bb5 Nac3 29.Bxc3 Nxc3 30.Rdc1 Nxb5 31.axb5
Rxb5 32.Nd3 Ra3 1/2-1/2

[Event "1. Bundesliga 2019/2020"]
[Site "Blumenhalle, St. Veit/Glan"]
[Date "2020.01.11"]
[Round "7"]
[Board "5"]
[White "Baenziger, Fabian"]
[Black "Anistratov, Dmitrij"]
[Result "1/2-1/2"]
[WhiteElo "2409"]
[BlackElo "2237"]
[PlyCount "81"]
[EventDate "2019.10.10"]
[EventType "team"]
[EventRounds "11"]
[EventCountry "AUT"]
[WhiteTeam "SK Hohenems"]
[BlackTeam "SK Sparkasse Goetzis"]

1.d4 Nf6 2.c4 d6 3.Nf3 Nbd7 4.Nc3 c6 5.e4 e5 6.Be2 Be7 7.O-O a6 8.Nh4 O-O 9.Nf5 Re8
10.Nxe7+ Qxe7 11.d5 Nc5 12.f3 a5 13.Be3 Bd7 14.Qd2 Reb8 15.Rfd1 Ne8 16.b3 h6 17.Rab1
b6 18.a3 Na6 19.dxc6 Bxc6 20.b4 axb4 21.axb4 Nac7 22.Nd5 Bxd5 23.cxd5 b5 24.Ra1 Qd7
25.f4 exf4 26.Bxf4 Rxa1 27.Rxa1 Ra8 28.Re1 Nf6 29.Bf3 Rd8 30.Qc3 Nce8 31.Qd4 Rc8 32.e5
dxe5 33.Bxe5 Rc4 34.Qd2 Ng4 35.Bd4 Ngf6 36.h3 Rc8 37.Bc5 Nd6 38.Qf4 Re8 39.Rxe8+ Nfxe8
40.Bg4 Qd8 41.Be2 1/2-1/2

[Event "1. Bundesliga 2019/2020"]
[Site "Blumenhalle, St. Veit/Glan"]
[Date "2020.01.11"]
[Round "7"]
[Board "6"]
[White "Neyman, Igor"]
[Black "Novkovic, Milan"]
[Result "1/2-1/2"]
[WhiteElo "2345"]
[BlackElo "2358"]
[PlyCount "64"]
[EventDate "2019.10.10"]
[EventType "team"]
[EventRounds "11"]
[EventCountry "AUT"]
[WhiteTeam "SK Sparkasse Goetzis"]
[BlackTeam "SK Hohenems"]

1.d4 Nf6 2.c4 e6 3.Nc3 Bb4 4.Nf3 c5 5.e3 O-O 6.Bd3 d5 7.O-O cxd4 8.exd4 dxc4 9.Bxc4
Nc6 10.a3 Be7 11.Re1 b6 12.Bg5 Bb7 13.Rc1 Rc8 14.Ba2 Nd5 15.Bd2 Bf6 16.Nxd5 exd5 17.Bf4
Na5 18.Bb1 Nc4 19.Re2 g6 20.Bd3 Re8 21.h3 Bg7 22.a4 Qf6 23.Bg5 Qd6 24.b3 Na5 25.Rxe8+
Rxe8 26.Bd2 Nc6 27.Be3 Rc8 28.Bb5 Na5 29.Rxc8+ Bxc8 30.Qc2 Bd7 31.Bxd7 Qxd7 32.Bd2
Nc6 1/2-1/2

[Event "1. Bundesliga 2019/2020"]
[Site "Blumenhalle, St. Veit/Glan"]
[Date "2020.01.11"]
[Round "7"]
[Board "1"]
[White "Balogh, Csaba"]
[Black "Michalik, Peter"]
[Result "1/2-1/2"]
[WhiteElo "2586"]
[BlackElo "2585"]
[PlyCount "76"]
[EventDate "2019.10.10"]
[EventType "team"]
[EventRounds "11"]
[EventCountry "AUT"]
[WhiteTeam "Spg. Sallegger Tech. Fuerstenfeld/Hartber"]
[BlackTeam "Mayrhofen/SK Zell Zillertal"]

1.e4 c5 2.Nf3 Nc6 3.d4 cxd4 4.Nxd4 Nf6 5.Nc3 e5 6.Ndb5 d6 7.Bg5 a6 8.Na3 b5 9.Nd5
Be7 10.Bxf6 Bxf6 11.c3 Bg5 12.Nc2 Ne7 13.h4 Bh6 14.a4 bxa4 15.Ncb4 O-O 16.Qxa4 Nxd5
17.Nxd5 a5 18.Bb5 Be6 19.Bc6 Rb8 20.b4 axb4 21.cxb4 Kh8 22.b5 Bxd5 23.Bxd5 Qb6 24.O-O
Qxb5 25.Qxb5 Rxb5 26.Ra6 f5 27.Rxd6 fxe4 28.Bxe4 Rb4 29.Re1 Rb2 30.f3 g6 31.h5 Rd2
32.Rxd2 Bxd2 33.Re2 Bf4 34.hxg6 hxg6 35.Bxg6 Kg7 36.Be4 Rd8 37.Rc2 Rd1+ 38.Kf2 Rd2+ 1/2-1/2

[Event "1. Bundesliga 2019/2020"]
[Site "Blumenhalle, St. Veit/Glan"]
[Date "2020.01.11"]
[Round "7"]
[Board "2"]
[White "Votava, Jan"]
[Black "Korpa, Bence"]
[Result "1/2-1/2"]
[WhiteElo "2501"]
[BlackElo "2546"]
[PlyCount "59"]
[EventDate "2019.10.10"]
[EventType "team"]
[EventRounds "11"]
[EventCountry "AUT"]
[WhiteTeam "Mayrhofen/SK Zell Zillertal"]
[BlackTeam "Spg. Sallegger Tech. Fuerstenfeld/Hartber"]

1.Nf3 d5 2.c4 e6 3.e3 g6 4.d4 Bg7 5.Nc3 Ne7 6.Be2 b6 7.O-O O-O 8.b4 Nbc6 9.b5 Na5
10.cxd5 exd5 11.Ba3 Re8 12.Ne5 Nf5 13.Nxd5 Qxd5 14.Bf3 Qxb5 15.Rb1 Qa6 16.Bxa8 Bxe5
17.dxe5 c6 18.Bb4 Be6 19.Bxa5 Rxa8 20.Bc3 Qxa2 21.e4 Ng7 22.Rb4 c5 23.Ra4 Qb3 24.Qa1
Nh5 25.Rb1 Qc2 26.Rc1 Qe2 27.Re1 Qc2 28.Rc1 Qe2 29.Re1 Qc2 30.Rc1 1/2-1/2

[Event "1. Bundesliga 2019/2020"]
[Site "Blumenhalle, St. Veit/Glan"]
[Date "2020.01.11"]
[Round "7"]
[Board "3"]
[White "Mesaros, Florian"]
[Black "Lanka, Zigurds"]
[Result "1-0"]
[WhiteElo "2410"]
[BlackElo "2387"]
[PlyCount "95"]
[EventDate "2019.10.10"]
[EventType "team"]
[EventRounds "11"]
[EventCountry "AUT"]
[WhiteTeam "Spg. Sallegger Tech. Fuerstenfeld/Hartber"]
[BlackTeam "Mayrhofen/SK Zell Zillertal"]

1.d4 Nf6 2.c4 e6 3.Nc3 Bb4 4.e3 b6 5.Nge2 c5 6.a3 Ba5 7.Bd2 O-O 8.Rb1 Na6 9.Nf4 Bb7
10.Bd3 Bxc3 11.Bxc3 Ne4 12.Qc2 f5 13.O-O Qe7 14.Be1 cxd4 15.exd4 g5 16.Ne2 g4 17.Ng3
Ng5 18.Bc3 Qf7 19.Rbe1 Rac8 20.Re5 d6 21.Ree1 f4 22.Ne4 Bxe4 23.Bxe4 f3 24.g3 Nh3+
25.Kh1 Nc7 26.Qa4 Ne8 27.Bb1 Ng7 28.d5 Rc5 29.Qc2 Nf5 30.Qe4 h5 31.dxe6 Qe7 32.b4
Ng5 33.Qf4 Nh3 34.Qe4 Ng5 35.Qf4 Nh3 36.Qd2 Rxc4 37.Bxf5 Rxf5 38.Qh6 Rxc3 39.Qg6+
Kh8 40.Qxf5 Kg7 41.Qxh5 Rc4 42.Qd5 b5 43.Qxb5 Rd4 44.Qh5 a6 45.Qf5 Ng5 46.h4 gxh3
47.Qxg5+ Qxg5 48.e7 1-0

[Event "1. Bundesliga 2019/2020"]
[Site "Blumenhalle, St. Veit/Glan"]
[Date "2020.01.11"]
[Round "7"]
[Board "4"]
[White "Platzgummer, Fabian"]
[Black "Poetz, Florian"]
[Result "1/2-1/2"]
[WhiteElo "2336"]
[BlackElo "2422"]
[PlyCount "40"]
[EventDate "2019.10.10"]
[EventType "team"]
[EventRounds "11"]
[EventCountry "AUT"]
[WhiteTeam "Mayrhofen/SK Zell Zillertal"]
[BlackTeam "Spg. Sallegger Tech. Fuerstenfeld/Hartber"]

1.Nf3 d6 2.d4 Bg4 3.e4 Nf6 4.Nbd2 e6 5.Be2 d5 6.Ne5 Bxe2 7.Qxe2 c6 8.exd5 Qxd5 9.Ndf3
Be7 10.O-O O-O 11.Re1 Nbd7 12.Bg5 Rae8 13.a3 Qa5 14.Rad1 Qc7 15.c4 Rd8 16.Bf4 Nh5
17.Bg5 Nhf6 18.Bf4 Nh5 19.Bg5 Nhf6 20.Bf4 Nh5 1/2-1/2

[Event "1. Bundesliga 2019/2020"]
[Site "Blumenhalle, St. Veit/Glan"]
[Date "2020.01.11"]
[Round "7"]
[Board "5"]
[White "Freitag, Manfred"]
[Black "Maiwald, Jens-Uwe"]
[Result "1-0"]
[WhiteElo "2356"]
[BlackElo "2437"]
[PlyCount "73"]
[EventDate "2019.10.10"]
[EventType "team"]
[EventRounds "11"]
[EventCountry "AUT"]
[WhiteTeam "Spg. Sallegger Tech. Fuerstenfeld/Hartber"]
[BlackTeam "Mayrhofen/SK Zell Zillertal"]

1.e4 d6 2.d4 Nf6 3.Nc3 g6 4.f4 Bg7 5.Nf3 O-O 6.Bd3 Nc6 7.e5 Nh5 8.Be2 dxe5 9.fxe5
f6 10.exf6 Bxf6 11.Bh6 Ng7 12.Ne4 Bxd4 13.c3 Bb6 14.Bc4+ Kh8 15.Qe2 Bg4 16.Neg5 e6
17.Qe4 Bxf3 18.gxf3 Nf5 19.Nxe6 Nxh6 20.Nxd8 Raxd8 21.Be2 Nf5 22.Rd1 Rde8 23.Qa4 Re5
24.Rd2 Ne3 25.Rg1 Ra5 26.Qb3 Rh5 27.Bd3 Ne5 28.Be2 Rxh2 29.Qe6 Nc6 30.Bb5 Nc2+ 31.Kd1
Rh5 32.Bxc6 Ne3+ 33.Kc1 bxc6 34.Qe7 Bc5 35.Qxc7 Nc4 36.Rd8 Rhf5 37.Rh1 1-0

[Event "1. Bundesliga 2019/2020"]
[Site "Blumenhalle, St. Veit/Glan"]
[Date "2020.01.11"]
[Round "7"]
[Board "6"]
[White "Hausner, Ivan"]
[Black "Csonka, Attila"]
[Result "0-1"]
[WhiteElo "2339"]
[BlackElo "2361"]
[PlyCount "138"]
[EventDate "2019.10.10"]
[EventType "team"]
[EventRounds "11"]
[EventCountry "AUT"]
[WhiteTeam "Mayrhofen/SK Zell Zillertal"]
[BlackTeam "Spg. Sallegger Tech. Fuerstenfeld/Hartber"]

1.c4 e5 2.Nc3 Nf6 3.Nf3 Nc6 4.d4 exd4 5.Nxd4 Bb4 6.g3 O-O 7.Bg2 Ne5 8.Qb3 Qe7 9.O-O
Qc5 10.Nc2 Bxc3 11.Qxc3 Qxc4 12.Qxe5 Qxc2 13.Bg5 d6 14.Qd4 Qf5 15.Bxf6 Qxf6 16.Qxf6
gxf6 17.Rfd1 Rd8 18.Rac1 c6 19.Rd4 Be6 20.a3 a5 21.Rc3 Ra6 22.b4 axb4 23.Rxb4 Ra7
24.Be4 Rda8 25.Bc2 Rxa3 26.Rxa3 Rxa3 27.Rxb7 Ra2 28.Bd3 c5 29.Rc7 c4 30.Bxc4 Rc2 31.Bxe6
Rxc7 32.Bf5 h6 33.Kg2 Kf8 34.Kf3 Rc4 35.h4 d5 36.Bd3 Rb4 37.Ke3 Ke7 38.f4 Kd6 39.Kf3
Rb8 40.Kg4 Rg8+ 41.Kf3 Kc5 42.Bh7 Rh8 43.Bd3 Kd4 44.Kf2 Re8 45.Bh7 Kc3 46.Bd3 Kd2
47.Bb5 Re3 48.Ba6 Rb3 49.Bc8 Rb1 50.Bg4 Rh1 51.Kg2 Re1 52.Kf2 f5 53.Bf3 d4 54.Bh5
f6 55.Bf3 Ra1 56.Bc6 Ra3 57.Bb5 Rc3 58.Ba6 Rc1 59.Bb7 Rc7 60.Ba6 Re7 61.Bb5 Rb7 62.Bd3
Re7 63.Bb5 Re3 64.Ba6 Rc3 65.Bb5 Rc1 66.Bd3 Re1 67.Bb5 Rh1 68.Kg2 Rb1 69.Bd3 Rb3 0-1

[Event "1. Bundesliga 2019/2020"]
[Site "Blumenhalle, St. Veit/Glan"]
[Date "2020.01.11"]
[Round "7"]
[Board "1"]
[White "Nisipeanu, Liviu-Dieter"]
[Black "Abasov, Nijat Azad"]
[Result "1/2-1/2"]
[WhiteElo "2655"]
[BlackElo "2664"]
[PlyCount "60"]
[EventDate "2019.10.10"]
[EventType "team"]
[EventRounds "11"]
[EventCountry "AUT"]
[WhiteTeam "SK Sparkasse Jenbach"]
[BlackTeam "SV Raika Rapid Feffernitz"]

1.d4 Nf6 2.c4 e6 3.Nc3 Bb4 4.e3 O-O 5.Bd3 d5 6.Nf3 b6 7.O-O Ba6 8.cxd5 exd5 9.Bxa6
Nxa6 10.Bd2 Re8 11.Rc1 Bf8 12.Ne2 c5 13.dxc5 bxc5 14.Bc3 Nc7 15.Nf4 Bd6 16.Bxf6 Qxf6
17.Nxd5 Nxd5 18.Qxd5 Rad8 19.Qb7 Rb8 20.Qxa7 Ra8 21.Qb7 Rxa2 22.Rc2 Rb8 23.Qd5 Raxb2
24.Rxb2 Rxb2 25.Rc1 h6 26.g3 Bf8 27.Kg2 Qa6 28.Ne5 Qf6 29.Nf3 Qa6 30.Ne5 Qf6 1/2-1/2

[Event "1. Bundesliga 2019/2020"]
[Site "Blumenhalle, St. Veit/Glan"]
[Date "2020.01.11"]
[Round "7"]
[Board "2"]
[White "Skoberne, Jure"]
[Black "Bluebaum, Matthias"]
[Result "0-1"]
[WhiteElo "2561"]
[BlackElo "2646"]
[PlyCount "74"]
[EventDate "2019.10.10"]
[EventType "team"]
[EventRounds "11"]
[EventCountry "AUT"]
[WhiteTeam "SV Raika Rapid Feffernitz"]
[BlackTeam "SK Sparkasse Jenbach"]

1.d4 Nf6 2.Nf3 d5 3.Bf4 c5 4.e3 Nc6 5.Nbd2 cxd4 6.exd4 Qb6 7.Nb3 Bf5 8.a4 a6 9.a5
Qd8 10.Be2 e6 11.Ne5 Nd7 12.Nxc6 bxc6 13.O-O Be7 14.c4 dxc4 15.Bxc4 O-O 16.Qf3 Qc8
17.Rfc1 Qb7 18.Ra2 Rfc8 19.h3 h6 20.Qg3 Kh8 21.Bd6 Bxd6 22.Qxd6 Be4 23.Qf4 Bd5 24.Nd2
Nf6 25.b3 c5 26.Bf1 cxd4 27.Rxc8+ Rxc8 28.Qxd4 Nd7 29.Ra1 e5 30.Qb2 Rc6 31.Re1 Rg6
32.g3 Rxg3+ 33.Kh2 Rg6 34.Qc3 e4 35.Rc1 Kh7 36.Qc7 Qb4 37.Nc4 Bxc4 0-1

[Event "1. Bundesliga 2019/2020"]
[Site "Blumenhalle, St. Veit/Glan"]
[Date "2020.01.11"]
[Round "7"]
[Board "3"]
[White "Svane, Rasmus"]
[Black "Danin, Alexandre"]
[Result "1-0"]
[WhiteElo "2613"]
[BlackElo "2525"]
[PlyCount "87"]
[EventDate "2019.10.10"]
[EventType "team"]
[EventRounds "11"]
[EventCountry "AUT"]
[WhiteTeam "SK Sparkasse Jenbach"]
[BlackTeam "SV Raika Rapid Feffernitz"]

1.Nf3 c5 2.c4 Nc6 3.Nc3 g6 4.e3 Nf6 5.d4 cxd4 6.exd4 d5 7.cxd5 Nxd5 8.Qb3 Nxc3 9.Bc4
e6 10.bxc3 Bg7 11.Ba3 Bf8 12.Bc1 Bg7 13.Ba3 Bf8 14.Bxf8 Kxf8 15.h4 h5 16.O-O Kg7 17.Rfe1
b6 18.Ng5 Na5 19.Qb4 Nxc4 20.Qxc4 Bb7 21.Nxf7 Kxf7 22.Qxe6+ Kf8 23.Qxg6 Bd5 24.Re5
Bf7 25.Rf5 Qe7 26.Rd1 Rd8 27.Rd3 Rd5 28.Rf4 Qc7 29.Rdf3 Rd7 30.d5 Rg8 31.Qh7 Rg7 32.Qh8+
Rg8 33.Qh6+ Ke8 34.Rxf7 Rxf7 35.Qe6+ Kf8 36.d6 Qb7 37.d7 Rxg2+ 38.Kh1 Qxf3 39.d8=Q+
Kg7 40.Qe5+ Kh6 41.Qeh8+ Rh7 42.Qhf8+ Qxf8 43.Qxf8+ Rgg7 44.f4 1-0

[Event "1. Bundesliga 2019/2020"]
[Site "Blumenhalle, St. Veit/Glan"]
[Date "2020.01.11"]
[Round "7"]
[Board "4"]
[White "Schreiner, Peter"]
[Black "Wagner, Dennis"]
[Result "0-1"]
[WhiteElo "2440"]
[BlackElo "2581"]
[PlyCount "58"]
[EventDate "2019.10.10"]
[EventType "team"]
[EventRounds "11"]
[EventCountry "AUT"]
[WhiteTeam "SV Raika Rapid Feffernitz"]
[BlackTeam "SK Sparkasse Jenbach"]

1.d4 Nf6 2.c4 g6 3.Nc3 d5 4.cxd5 Nxd5 5.e4 Nxc3 6.bxc3 Bg7 7.Nf3 c5 8.Bb5+ Nc6 9.O-O
O-O 10.d5 Bxc3 11.Bh6 Nd4 12.Rc1 Nxb5 13.Bxf8 Qxf8 14.Qd3 Bd7 15.a4 Qe8 16.Rxc3 Nxc3
17.Qxc3 Rc8 18.e5 Bg4 19.Ng5 Qxa4 20.h3 Qf4 21.hxg4 Qxg5 22.Qb2 b6 23.Qe2 h5 24.gxh5
Qxh5 25.Qe4 Qf5 26.Qe3 c4 27.d6 exd6 28.exd6 Qd7 29.Rd1 c3 0-1

[Event "1. Bundesliga 2019/2020"]
[Site "Blumenhalle, St. Veit/Glan"]
[Date "2020.01.11"]
[Round "7"]
[Board "5"]
[White "Acs, Peter"]
[Black "Diermair, Andreas"]
[Result "1/2-1/2"]
[WhiteElo "2566"]
[BlackElo "2477"]
[PlyCount "127"]
[EventDate "2019.10.10"]
[EventType "team"]
[EventRounds "11"]
[EventCountry "AUT"]
[WhiteTeam "SK Sparkasse Jenbach"]
[BlackTeam "SV Raika Rapid Feffernitz"]

1.e4 e5 2.Nf3 Nc6 3.Bb5 a6 4.Ba4 Nf6 5.O-O Be7 6.Re1 b5 7.Bb3 d6 8.c3 O-O 9.h3 Bb7
10.d4 Re8 11.Nbd2 Bf8 12.Bc2 g6 13.a3 Nb8 14.b3 Nbd7 15.Bb2 Rb8 16.b4 Bg7 17.d5 Nb6
18.a4 c6 19.a5 Nc4 20.Nxc4 bxc4 21.dxc6 Bxc6 22.Qe2 Bb5 23.Rad1 Qc7 24.Bc1 Rbd8 25.Bg5
Rd7 26.Bxf6 Bxf6 27.Nd2 Red8 28.Nb1 d5 29.exd5 Rxd5 30.Rxd5 Rxd5 31.Be4 Rd8 32.Na3
Qd7 33.Nxb5 Qxb5 34.Rd1 Kg7 35.Rxd8 Bxd8 36.Qd2 Bc7 37.g4 Qa4 38.Kg2 Qb5 39.Qd1 h5
40.g5 h4 41.Qg4 Bd8 42.Qxh4 Qd7 43.Qg3 Qd2 44.h4 Bc7 45.Qe3 Qd1 46.Qf3 Qd2 47.Qf6+
Kg8 48.Qxa6 Qf4 49.Bf3 Qxh4 50.Qc8+ Kg7 51.Qg4 Qh8 52.Qxc4 Qd8 53.Kf1 Bb8 54.Qe2 Qxg5
55.Qe3 Qh4 56.Bd5 Qe7 57.b5 Qd8 58.Qf3 f5 59.b6 Qd6 60.Bb3 e4 61.Qd1 Qh2 62.a6 Qh1+
63.Ke2 Qf3+ 64.Ke1 1/2-1/2

[Event "1. Bundesliga 2019/2020"]
[Site "Blumenhalle, St. Veit/Glan"]
[Date "2020.01.11"]
[Round "7"]
[Board "6"]
[White "Sebenik, Matej"]
[Black "Engel, Luis"]
[Result "1-0"]
[WhiteElo "2498"]
[BlackElo "2536"]
[PlyCount "131"]
[EventDate "2019.10.10"]
[EventType "team"]
[EventRounds "11"]
[EventCountry "AUT"]
[WhiteTeam "SV Raika Rapid Feffernitz"]
[BlackTeam "SK Sparkasse Jenbach"]

1.d4 Nf6 2.c4 e6 3.Nf3 d5 4.Nc3 Bb4 5.Bg5 h6 6.Bxf6 Qxf6 7.e3 O-O 8.Qb3 c5 9.cxd5
exd5 10.dxc5 Bxc3+ 11.Qxc3 Qxc3+ 12.bxc3 Nd7 13.Rd1 Nxc5 14.Rxd5 b6 15.Rd4 Be6 16.c4
Rfc8 17.g4 Na4 18.g5 Rc5 19.gxh6 g6 20.Rg1 Rac8 21.Ng5 Bxc4 22.Ne4 Rb5 23.Bxc4 Rb1+
24.Ke2 Rxg1 25.Bxf7+ Kxf7 26.Nd6+ Kg8 27.Nxc8 Nc5 28.Nxa7 Kh7 29.Nc8 Ra1 30.Rd2 Rb1
31.Ne7 Ne4 32.Rc2 Nc5 33.Nd5 Kxh6 34.Nxb6 Rxb6 35.Rxc5 Rb2+ 36.Kf3 Rxa2 37.h4 Ra4
38.e4 Ra1 39.e5 Re1 40.Kf4 Rh1 41.Kg4 Rg1+ 42.Kf3 Re1 43.Kg3 Rg1+ 44.Kh2 Rg4 45.Kh3
Re4 46.f3 Re1 47.Kg3 Re2 48.f4 Re3+ 49.Kg4 Re1 50.Rc3 Kg7 51.Rc7+ Kh6 52.Rf7 Re3 53.Rf6
Re1 54.Rf7 Re3 55.h5 gxh5+ 56.Kh4 Re1 57.Rf6+ Kg7 58.Kxh5 Rg1 59.Ra6 Kf7 60.Kh6 Rg2
61.Rf6+ Kg8 62.Rg6+ Kh8 63.Rg5 Rg4 64.Rf5 Kg8 65.Kh5 Rg7 66.Rg5 1-0

[Event "1. Bundesliga 2019/2020"]
[Site "Blumenhalle, St. Veit/Glan"]
[Date "2020.01.11"]
[Round "7"]
[Board "1"]
[White "Bosiocic, Marin"]
[Black "Ragger, Markus"]
[Result "1/2-1/2"]
[WhiteElo "2625"]
[BlackElo "2675"]
[PlyCount "65"]
[EventDate "2019.10.10"]
[EventType "team"]
[EventRounds "11"]
[EventCountry "AUT"]
[WhiteTeam "SV Pillenkoenig St. Veit"]
[BlackTeam "SC MPOE Maria Saal"]

1.e4 e5 2.Nf3 Nc6 3.Bb5 a6 4.Ba4 Nf6 5.O-O Be7 6.Re1 b5 7.Bb3 O-O 8.a4 b4 9.d4 d6
10.dxe5 Nxe5 11.Nbd2 Nfd7 12.Nd4 Bb7 13.Bd5 Qc8 14.f4 Ng6 15.N2f3 Re8 16.Nc6 Nf6 17.Nxb4
c6 18.Ba2 d5 19.Nd3 Nxe4 20.Nfe5 Nxe5 21.Nxe5 Bc5+ 22.Be3 Bd6 23.c4 Bxe5 24.fxe5 Rxe5
25.cxd5 cxd5 26.Rc1 Qd8 27.Bd4 Re6 28.Rf1 Bc6 29.Qg4 Rg6 30.Qf5 Nd6 31.Qf4 Qd7 32.Bb1
Ne4 33.Bd3 1/2-1/2

[Event "1. Bundesliga 2019/2020"]
[Site "Blumenhalle, St. Veit/Glan"]
[Date "2020.01.11"]
[Round "7"]
[Board "2"]
[White "Predojevic, Borki"]
[Black "Brkic, Ante"]
[Result "1/2-1/2"]
[WhiteElo "2604"]
[BlackElo "2595"]
[PlyCount "60"]
[EventDate "2019.10.10"]
[EventType "team"]
[EventRounds "11"]
[EventCountry "AUT"]
[WhiteTeam "SC MPOE Maria Saal"]
[BlackTeam "SV Pillenkoenig St. Veit"]

1.d4 Nf6 2.Nf3 d5 3.c4 e6 4.Nc3 Bb4 5.cxd5 exd5 6.Bg5 h6 7.Bh4 O-O 8.e3 Bf5 9.Qb3
Bxc3+ 10.Qxc3 Nbd7 11.Be2 g5 12.Bg3 Ne4 13.Qb3 Nb6 14.a4 a5 15.Nd2 Nxg3 16.hxg3 Kg7
17.Qc3 c6 18.b4 Nc8 19.O-O Nd6 20.Rfc1 g4 21.bxa5 Rxa5 22.f3 Ra8 23.fxg4 Bg6 24.a5
Qe7 25.Bf3 Rfe8 26.Re1 Qg5 27.Nf1 Re6 28.a6 Rxa6 29.Rxa6 bxa6 30.Qxc6 Ne4 1/2-1/2

[Event "1. Bundesliga 2019/2020"]
[Site "Blumenhalle, St. Veit/Glan"]
[Date "2020.01.11"]
[Round "7"]
[Board "3"]
[White "Saric, Ante"]
[Black "Handler, Lukas"]
[Result "0-1"]
[WhiteElo "2541"]
[BlackElo "2420"]
[PlyCount "151"]
[EventDate "2019.10.10"]
[EventType "team"]
[EventRounds "11"]
[EventCountry "AUT"]
[WhiteTeam "SV Pillenkoenig St. Veit"]
[BlackTeam "SC MPOE Maria Saal"]

1.Nf3 d5 2.e3 Nf6 3.c4 e6 4.b3 Be7 5.Bb2 O-O 6.Nc3 b6 7.cxd5 exd5 8.Rc1 Bb7 9.d4 Nbd7
10.g3 a6 11.Bg2 Bd6 12.O-O Re8 13.Ne2 Ne4 14.Nf4 Qe7 15.Nd3 f6 16.Re1 Rad8 17.Re2
Nf8 18.b4 h5 19.Qb3 Qf7 20.Rec2 Ng6 21.a4 b5 22.Bf1 Bc8 23.axb5 axb5 24.Nf4 Nxf4 25.exf4
Bd7 26.Ne1 h4 27.Nd3 hxg3 28.hxg3 c6 29.Bg2 Bf8 30.Nc5 Nxc5 31.dxc5 Bf5 32.Rd2 Qg6
33.Bd4 Be4 34.Ra1 Bxg2 35.Kxg2 Ra8 36.Rxa8 Rxa8 37.Re2 Re8 38.f5 Qh5 39.Rxe8 Qxe8
40.Qd3 Qe1 41.Bc3 Qe4+ 42.Qxe4 dxe4 43.g4 Be7 44.Kg3 Bd8 45.Bd2 Kf7 46.Bf4 g6 47.Bb8
gxf5 48.gxf5 Be7 49.Kg4 Kg7 50.Kh5 Bxc5 51.Kg4 Bxb4 52.Kf4 Bc5 53.Kxe4 Bxf2 54.Bf4
Kf7 55.Bd6 Ke8 56.Ba3 Bg1 57.Bb2 Ke7 58.Ba3+ Kf7 59.Bd6 Bb6 60.Bh2 Ke7 61.Bg3 Ba5
62.Kd4 Bb4 63.Bf4 Kd7 64.Bh6 Kc7 65.Be3 Kb6 66.Kd3+ Ka5 67.Bd4 Be7 68.Kc3 Ka4 69.Be3
Bb4+ 70.Kc2 Be7 71.Kc3 Ka3 72.Bc1+ Ka2 73.Kc2 b4 74.Bb2 b3+ 75.Kc3 Bb4+ 76.Kd4 0-1

[Event "1. Bundesliga 2019/2020"]
[Site "Blumenhalle, St. Veit/Glan"]
[Date "2020.01.11"]
[Round "7"]
[Board "4"]
[White "Kreisl, Robert"]
[Black "Kuljasevic, Davorin"]
[Result "1/2-1/2"]
[WhiteElo "2401"]
[BlackElo "2562"]
[PlyCount "100"]
[EventDate "2019.10.10"]
[EventType "team"]
[EventRounds "11"]
[EventCountry "AUT"]
[WhiteTeam "SC MPOE Maria Saal"]
[BlackTeam "SV Pillenkoenig St. Veit"]

1.d4 Nf6 2.c4 e6 3.Nf3 d5 4.Nc3 Bb4 5.Qb3 a5 6.Bg5 c5 7.dxc5 Na6 8.a3 Nxc5 9.Qc2 Bxc3+
10.Qxc3 Nce4 11.Bxf6 Qxf6 12.Qxf6 Nxf6 13.cxd5 Nxd5 14.e4 Nf6 15.Bd3 Bd7 16.Ne5 Ke7
17.Rc1 Rhc8 18.Ke2 Be8 19.Ke3 Nd7 20.Nxd7 Bxd7 21.e5 Bc6 22.f4 h6 23.Rhg1 g5 24.g3
Rg8 25.Be4 gxf4+ 26.gxf4 Rxg1 27.Rxg1 Bxe4 28.Kxe4 Rc8 29.Kd3 b5 30.Rg4 a4 31.Rh4
Rc4 32.Rxh6 Rxf4 33.Rh5 Rf2 34.Kc3 Rf3+ 35.Kc2 Kd7 36.h4 Kc6 37.Rh8 Rf5 38.h5 Kd5
39.h6 Kxe5 40.Rb8 Rf2+ 41.Kd3 Rh2 42.Rxb5+ Kf4 43.Rb4+ Kf3 44.Rxa4 f5 45.Ra5 Kf4 46.Ra4+
Kf3 47.Ra5 Kf4 48.Ra4+ Kg5 49.b4 e5 50.b5 e4+ 1/2-1/2

[Event "1. Bundesliga 2019/2020"]
[Site "Blumenhalle, St. Veit/Glan"]
[Date "2020.01.11"]
[Round "7"]
[Board "5"]
[White "Ceschia, Ivano"]
[Black "Buhmann, Rainer"]
[Result "0-1"]
[WhiteElo "2259"]
[BlackElo "2581"]
[PlyCount "74"]
[EventDate "2019.10.10"]
[EventType "team"]
[EventRounds "11"]
[EventCountry "AUT"]
[WhiteTeam "SV Pillenkoenig St. Veit"]
[BlackTeam "SC MPOE Maria Saal"]

1.d4 Nf6 2.Nf3 e6 3.Bf4 c5 4.e3 Nc6 5.c3 d5 6.Nbd2 cxd4 7.exd4 Nh5 8.Bg5 f6 9.Be3
Bd6 10.Bd3 Nf4 11.Bxf4 Bxf4 12.Qc2 g6 13.g3 Bd6 14.O-O-O Bd7 15.a3 Ne7 16.Kb1 b5 17.b4
Qc7 18.Nb3 e5 19.dxe5 fxe5 20.Nfd2 O-O 21.f3 Nf5 22.Rde1 Rac8 23.Kb2 Qb6 24.Nc5 Bxc5
25.bxc5 Qf6 26.Nb3 a5 27.Nxa5 Rxc5 28.Nb3 Rc7 29.Bxf5 Bxf5 30.Qd2 d4 31.Rc1 Rfc8 32.cxd4
Rc2+ 33.Rxc2 Rxc2+ 34.Qxc2 Bxc2 35.Kxc2 exd4 36.Rd1 Qc6+ 37.Kb1 Qxf3 0-1

[Event "1. Bundesliga 2019/2020"]
[Site "Blumenhalle, St. Veit/Glan"]
[Date "2020.01.11"]
[Round "7"]
[Board "6"]
[White "Rieger, Robert"]
[Black "Riemelmoser, Franz"]
[Result "1/2-1/2"]
[WhiteElo "2306"]
[BlackElo "2235"]
[PlyCount "89"]
[EventDate "2019.10.10"]
[EventType "team"]
[EventRounds "11"]
[EventCountry "AUT"]
[WhiteTeam "SC MPOE Maria Saal"]
[BlackTeam "SV Pillenkoenig St. Veit"]

1.e4 c5 2.Nf3 e6 3.d4 cxd4 4.Nxd4 Nc6 5.Nc3 Qc7 6.g3 a6 7.Bg2 Nf6 8.O-O Nxd4 9.Qxd4
Bc5 10.Qd3 Ng4 11.Nd1 b5 12.Ne3 Ne5 13.Qe2 Bb7 14.Rd1 h5 15.b3 g5 16.Bb2 g4 17.Nd5
exd5 18.exd5 f6 19.d6 Qb6 20.Bxb7 Qxb7 21.Bxe5 O-O-O 22.Bd4 Rde8 23.Qd3 Bxd4 24.Qxd4
h4 25.Qc5+ Kb8 26.Qc7+ Qxc7 27.dxc7+ Kxc7 28.a4 Re7 29.axb5 hxg3 30.b6+ Kxb6 31.hxg3
Reh7 32.Kf1 Rh1+ 33.Ke2 Re8+ 34.Kd3 Rh2 35.Rf1 Re5 36.Ra4 f5 37.Rf4 Rh6 38.f3 Rd6+
39.Rd4 Rxd4+ 40.Kxd4 Re2 41.fxg4 fxg4 42.Rf4 Rxc2 43.Rxg4 Kb5 44.Kd3 Rg2 45.Kc3 1/2-1/2

[Event "1. Bundesliga 2019/2020"]
[Site "Blumenhalle, St. Veit/Glan"]
[Date "2020.01.11"]
[Round "7"]
[Board "1"]
[White "Movsesian, Sergei"]
[Black "Dragnev, Valentin"]
[Result "1/2-1/2"]
[WhiteElo "2649"]
[BlackElo "2551"]
[PlyCount "39"]
[EventDate "2019.10.10"]
[EventType "team"]
[EventRounds "11"]
[EventCountry "AUT"]
[WhiteTeam "SK Sparkasse Bad Voeslau"]
[BlackTeam "mpimmo Wien - SK Ottakring"]

1.e4 e5 2.Nf3 Nc6 3.Bb5 a6 4.Ba4 Nf6 5.Nc3 Bc5 6.Bxc6 dxc6 7.d3 Qe7 8.h3 Bd7 9.Be3
Bxe3 10.fxe3 O-O-O 11.Qe2 Ne8 12.O-O-O Nd6 13.g4 f6 14.Nh4 g6 15.Qf2 Rhf8 16.Qg3 Nb5
17.Nb1 Nd6 18.Nc3 Nb5 19.Nb1 Nd6 20.Nc3 1/2-1/2